| 000 | | | 04190nac2a22002773x 450 |
| 001 | | | 4236fc7a-e7a8-4614-9d7f-391009dda3d9 |
| 005 | | | 20220708031221.0 |
| 100 | ## | $a | 20220622l19281928k y0rusy50 ca |
| 101 | 0# | $a | rus |
| | $a | mul |
| 102 | ## | $a | RU |
| 105 | ## | $a | y z ||||| |
| 122 | 2# | $a | d19280530 |
| | $a | d19280531 |
| 200 | 1# | $a | Об отмене Постановления Президиума о мусульманском вероучении |
| | $j | 30.05.1928 - 31.05.1928 |
| 215 | ## | $a | 3 листа |
| 251 | ## | $c | Дело |
| 300 | ## | $a | Заголовок дела на папке: Об отмене Постановления Президиума ВЦИК о мусульманском вероучении |
| 300 | ## | $a | Часть текста на языках народов СССР |
| 300 | ## | $a | Часть текста машинописная и рукописная, часть - напечатана типографским способом |
| 461 | #0 | $1 | 001796d4672-8a00-4986-b488-6e42273792cc |
| | $1 | 2001 |
| | $a | ЦЕНТРАЛЬНЫЙ ИСПОЛНИТЕЛЬНЫЙ КОМИТЕТ СССР (ЦИК СССР) |
| | $1 | 251 |
| | $c | Фонд |
| | $1 | 852 |
| | $j | 3316 |
| | $g | Р |
| 462 | #0 | $1 | 00105a5690e-dde9-41ae-9613-7cb8e363af84 |
| | $1 | 2001 |
| | $a | Дела Секретариата Президиума ЦИК СССР. 1928 г. |
| | $v | Д. 251 |
| | $1 | 251 |
| | $c | Опись |
| | $1 | 852 |
| | $j | 21 |
| 517 | 1# | $a | Об отмене Постановления Президиума ВЦИК о мусульманском вероучении |
| 601 | 01 | $3 | RU\NLR\AUTH\880357276 |
| | $a | СССР |
| | $b | ЦИК |
| 601 | 01 | $3 | RU\NLR\AUTH\8810215818 |
| | $a | РСФСР |
| | $b | Центральный исполнительный комитет |
| | $b | Президиум |
| 801 | #0 | $a | RU |
| | $b | GA_RF |
| 801 | #1 | $a | RU |
| | $b | ГлавНИВЦ |
| | $c | 20220622 |
| | $2 | rusmarc |
| 801 | #2 | $a | RU |
| | $b | ПБ им. Б.Н. Ельцина |
| | $c | 20220708 |
| | $g | RCR |
| | $2 | rusmarc |
| 852 | ## | $a | ГА РФ |
| | $j | 251 |
| 937 | ## | $d | 177145074 |
| | $h | ГАРФ |
| 035 | ## | $a | RuPRLIB51068389 |
| 856 | ## | $u | http://readingroom.main.prlib.ru/item.aspx?id_node=n177145074&mode=full |